Harrison Ford Movies Quiz Stats

 Plays Quiz Updated Dec 31, 2020

     
Support Sporcle.
Go Orange.
Score 0/50 Timer 10:00
15 Plays Today
Year Movie Title % Correct
1977Star Wars
96.1%
1984Indiana Jones and the Temple of Doom
87.8%
1980The Empire Strikes Back
87%
1983Return of the Jedi
86.9%
1981Raiders of the Lost Ark
85.3%
1989Indiana Jones and the Last Crusade
80.6%
1997Air Force One
75.6%
2015Star Wars VII: The Force Awakens
75.4%
1993The Fugitive
74.1%
2008Indiana Jones and the Kingdom of the Crystal Skull
70.2%
2017Blade Runner 2049
62.7%
1982Blade Runner
57.3%
1992Patriot Games
55.3%
1994Clear and Present Danger
54.8%
1973American Graffiti
50.2%
1985Witness
50.1%
2020The Call of the Wild
41.6%
201342
41.3%
2000What Lies Beneath
37.1%
1998Six Days Seven Nights
37.1%
1991Regarding Henry
35.7%
1979Apocalypse Now
35%
2013Ender's Game
33.5%
1995Sabrina
33.3%
2014The Expendables 3
33%
Year Movie Title % Correct
2019The Secret Life of Pets 2
30.9%
1988Working Girl
30.5%
2002K-19: The Widowmaker
29.4%
2006Firewall
29%
2003Hollywood Homicide
25.5%
1990Presumed Innocent
24.7%
2013Anchorman 2: The Legend Continues
24.5%
1986The Mosquito Coast
24.4%
1988Frantic
23.9%
2015The Age of Adaline
23.1%
2011Cowboys and Aliens
21.5%
1997The Devil's Own
20.5%
2013Paranoia
19.8%
1999Random Hearts
16.5%
2010Morning Glory
15.3%
1978Force 10 from Navarone
14.9%
1974The Conversation
14.7%
1979The Frisco Kid
12.5%
2010Extraordinary Measures
12%
1979Hanover Street
11.1%
2009Crossing Over
10.4%
1977Heroes
9%
1967A Time for Killing
8.2%
1968Journey to Shiloh
7.3%
1970Getting Straight
6.8%

From the Vault

'O' & 'P' TV Shows by Cast Photo

by lolshortee

Are you down with O&P? (Yeah, you know me.)
Remove Ads.
Support Sporcle.
Get the best of Sporcle when you Go Orange. This ad-free experience offers more features, more stats, and more fun while also helping to support Sporcle. Thank you for becoming a member.

Show Comments

Extras

Top Quizzes Today


Score Distribution

Your Account Isn't Verified!

In order to create a playlist on Sporcle, you need to verify the email address you used during registration. Go to your Sporcle Settings to finish the process.

Report this User

Report this user for behavior that violates our Community Guidelines.

Details: